[Event "Mediterranean op 5th"]
[Site "Rijeka"]
[Date "2011.11.13"]
[Round "3"]
[White "Gelo, Ivan"]
[Black "Rafaelic, Denis"]
[Result "1/2-1/2"]
[WhiteElo "2072"]
[BlackElo "1745"]
[PlyCount "128"]
[EventDate "2011.11.11"]
[EventType "swiss"]
[EventRounds "9"]
[EventCountry "CRO"]
[SourceTitle "EXT 2012"]
[Source "ChessBase"]
[SourceDate "2011.11.24"]
[SourceVersion "1"]
[SourceVersionDate "2011.11.24"]
[SourceQuality "1"]

1. e4 c5 2. Nc3 d6 3. g3 Nf6 4. Bg2 Nc6 5. h3 e6 6. Nge2 Be7 7. 0-0 0-0 8. d3 Rb8 9. f4 Bd7 10. g4 b5 11. Ng3 b4 12. Nce2 a5 13. f5 Ne8 14. Nf4 Nc7 15. Nfh5 Nb5 16. Bh6 Bf6 17. Bc1 Bd4+ 18. Kh2 a4 19. Ne2 Be5+ 20. Kg1 a3 21. Rb1 Qh4 22. Nhf4 Ncd4 23. Nxd4 Bxd4+ 24. Kh1 axb2 25. Bxb2 Nc3 26. Bxc3 Bxc3 27. Ne2 Be5 28. Rf3 Ra8 29. Nc1 Ra3 30. Rb3 Ba4 31. Rxa3 bxa3 32. Qd2 Rb8 33. Nb3 Bxb3 34. cxb3 Rb4 35. Bf1 h6 36. Kg2 Qg5 37. Qxg5 hxg5 38. Be2 Rxb3 39. axb3 a2 40. Rf1 a1Q 41. Rxa1 Bxa1 42. Kf2 Kf8 43. Kg3 Bc3 44. Kf3 Ke7 45. Ke3 Bd4+ 46. Kd2 Kf6 47. Kd1 Ke5 48. Kd2 Kf4 49. fxe6 fxe6 50. Kd1 Kg3 51. Kc2 Kxh3 52. Bd1 Kg3 53. Be2 Kf2 54. Bd1 Ke3 55. b4 cxb4 56. Kb3 Bc3 57. Kc4 Kd2 58. Bb3 d5+ 59. exd5 exd5+ 60. Kxd5 Kxd3 61. Kc5 Be1 62. Kb5 Ke4 63. Ka4 Kf4 64. Be6 Ke5 1/2-1/2

[Event "Mediterranean op-B 4th"]
[Site "Rijeka"]
[Date "2010.11.13"]
[Round "1"]
[White "Rafaelic, Denis"]
[Black "Muskardin, Mario"]
[Result "0-1"]
[WhiteElo "1725"]
[BlackElo "2144"]
[PlyCount "58"]
[EventDate "2010.11.13"]
[EventType "swiss"]
[EventRounds "9"]
[EventCountry "CRO"]
[SourceTitle "EXT 2011"]
[Source "ChessBase"]
[SourceDate "2010.11.26"]
[SourceVersion "1"]
[SourceVersionDate "2010.11.26"]
[SourceQuality "1"]

1. d4 Nf6 2. c4 c5 3. d5 b5 4. cxb5 a6 5. b6 Qxb6 6. Nc3 g6 7. e4 d6 8. Nf3 Bg7 9. Be2 0-0 10. 0-0 Nbd7 11. Nd2 Qc7 12. Nc4 Nb6 13. Nxb6 Qxb6 14. Rb1 a5 15. Be3 Ba6 16. Kh1 Rfb8 17. f4 Nd7 18. Bxa6 Qxa6 19. h4 Rb4 20. Qc2 Rab8 21. h5 Rxb2 22. Rxb2 Qxf1+ 23. Kh2 Rxb2 24. Qxb2 Qd3 25. Bd2 Nf6 26. e5 Ng4+ 27. Kg1 Qd4+ 28. Kh1 Qf2 29. Ne4 Qf1# 0-1

[Event "EU-ch 11th"]
[Site "Rijeka"]
[Date "2010.03.06"]
[Round "1"]
[White "Sulashvili, Malkhaz"]
[Black "Rafaelic, Denis"]
[Result "1-0"]
[WhiteElo "2490"]
[BlackElo "1714"]
[PlyCount "81"]
[EventDate "2010.03.06"]
[EventType "swiss"]
[EventRounds "11"]
[EventCountry "CRO"]
[SourceTitle "CBM 136"]
[Source "ChessBase"]
[SourceDate "2010.05.18"]
[SourceVersion "1"]
[SourceVersionDate "2010.05.18"]
[SourceQuality "1"]

1. d4 Nf6 2. Nf3 g6 3. c4 Bg7 4. g3 0-0 5. Bg2 d6 6. 0-0 c5 7. Nc3 Nc6 8. d5 Nb4 9. a3 Na6 10. Qc2 Nc7 11. b4 Bf5 12. Qb3 b6 13. Bb2 Qd7 14. Nd2 Bh3 15. Rfe1 Bxg2 16. Kxg2 e5 17. dxe6 fxe6 18. Nf3 Qc6 19. Rad1 Rad8 20. b5 Qb7 21. e4 e5 22. Nd5 Ne6 23. Re2 Nd4 24. Bxd4 cxd4 25. Nxf6+ Bxf6 26. c5+ Qf7 27. Qxf7+ Kxf7 28. c6 Ke6 29. Ne1 g5 30. Nd3 d5 31. f3 dxe4 32. fxe4 Be7 33. Rc2 g4 34. a4 Rf3 35. Rf2 Rxf2+ 36. Kxf2 Bd6 37. Ke2 Rf8 38. Rf1 Rxf1 39. Kxf1 h5 40. Kg2 Be7 41. Nxe5 1-0